000
00303nam a2200121Ia 4500
005
20251222144635.0
008
251222s9999||||xx |||||||||||||| ||spa||
082
_a
808.81L/S21
100
_a
Sandoval Zapata, Juan José
245
0
_a
Lagrimas, Poemario y Otros Graffitis
264
_b
Jota
942
_c
LIB
999
_c
16437
_d
16437